Integrácia všetkých dozorov a dohľadov je logickou alternatívou bankový dohľad vo väčšine vyspelých európskych a aj ostatných krajín sveta ...

Bibliographic Details
Main Author: Hromý, Vladimír (Author)
Format: Article
Language:Slovak
PhysicalDescription:Fotogr.
ISSN:1335-4701
Subjects:

MARC

LEADER 00000nab a2200000 a 4500
001 vtls000821278
003 SK-MaSNL
005 20260302163858.0
008 140301c2002 xo 0 slo
015 |a SNBRB2003/01-01290 
035 |a CLN000172933 
040 |a SNKBUCL  |b slo  |c SNKBUCL  |e AACR2 
041 0 |a slo 
044 |a xo  |c SK 
080 |a 336.711.6  |2 1997 
100 1 |a Hromý, Vladimír  |4 aut  |9 842524 
245 1 0 |a Integrácia všetkých dozorov a dohľadov je logickou alternatívou  |b bankový dohľad vo väčšine vyspelých európskych a aj ostatných krajín sveta ...  |c Vladimír Hromý 
300 |b Fotogr. 
650 0 7 |a dohľad bankový  |x bankovníctvo  |2 snkbucl  |9 865901 
650 0 7 |a bankovníctvo  |2 SNKPH  |9 2101 
655 7 |a články z novín a časopisov  |2 snkbucl  |9 267496 
773 0 |t Hospodárske noviny  |g Roč. 10, č. 237 (9.12.2002), s. 17  |x 1335-4701 
850 |a Slovenská národná knižnica v Martine 
852 |a SNK  |b KIS3GCP 
992 |a RBX 
999 |c 1384898  |d 1386828